000 00752nam a22002657a 4500
008 130430b xxu||||| |||| 00| 0 eng d
024 _cAvailable
037 _cAvailable
040 _aMBSTU LIBRARY
_dMBSTU LIBRARY
082 _222
_a345.05 DAL
100 _aDasgupta, Rana.
110 _aDelhi Law House.
245 _aLaw on explosives.
250 _a1st
260 _aChittagong.
_bSreemati Rita Das Gupta.
_c1990
300 _a23 cm.
_b219 page
_f1
_g23 cm.
600 _aCriminal procedures.
650 _2Criminal procedures.
700 _aDasgupta, Rana.
710 _aDelhi Law House.
270 _aChittagong.
_bChittagong.
_dBangladesh.
365 _b100.00
_d100.00
942 _2ddc
_cBK
999 _c290
_d290